000 00686nam a2200289Ia 4500
005 20260324143458.0
008 008 260324s9999 xx 000 0 eng d
020 _a9781315804019
037 _aEBOOK
040 _aCRL
040 _beng
040 _cCRL
041 _2eng
041 _aeng
084 _qCRL
100 _aJames Sears
_91186619
245 0 _aGrowing Up Gay in the South
245 0 _bRace, Gender, and Journeys of the Spirit
260 _bTaylor and Francis
260 _c1991
365 _a
365 _b89.99
856 _uhttp://www.taylorfrancis.com/books/9781315804019
942 _cEBOOK
999 _c1821234
_d1821234